Private renting in rural areas. (Record no. 85928)

MARC details
000 -LEADER
fixed length control field 00944cam a2200277 4500
008 - FIXED-LENGTH DATA ELEMENTS--GENERAL INFORMATION
fixed length control field 090401t1996 xxu||||| |||| 00| 0 eng d
020 ## - INTERNATIONAL STANDARD BOOK NUMBER
International Standard Book Number 1874797765
035 ## - SYSTEM CONTROL NUMBER
System control number (Sirsi) u3749
041 ## - LANGUAGE CODE
Language code of text/sound track or separate title eng
050 ## - LIBRARY OF CONGRESS CALL NUMBER
Classification number 306.9
-- 18
100 ## - MAIN ENTRY--PERSONAL NAME
Personal name Bevan, Mark
245 ## - TITLE STATEMENT
Title Private renting in rural areas.
260 ## - PUBLICATION, DISTRIBUTION, ETC.
Place of publication, distribution, etc. York
Name of publisher, distributor, etc. University of York Centre for Housing Policy
Date of publication, distribution, etc. 1996
300 ## - PHYSICAL DESCRIPTION
Extent x,131p.
Dimensions 24cm.
350 ## - PRICE (NR) (BK AM CF MU VM SE) [OBSOLETE]
Price 10
490 ## - SERIES STATEMENT
Series statement University of York Centre for Housing Policy Research Report
520 ## - SUMMARY, ETC.
Summary, etc. Explores the current position of the rural private rented sector, examining the role and postion of the landlord, the management issues of rural property and the future market for this sector.
650 ## - SUBJECT ADDED ENTRY--TOPICAL TERM
Topical term or geographic name entry element PRIVATE RENTED SECTOR
650 ## - SUBJECT ADDED ENTRY--TOPICAL TERM
Topical term or geographic name entry element RURAL HOUSING
650 ## - SUBJECT ADDED ENTRY--TOPICAL TERM
Topical term or geographic name entry element TIED COTTAGES
690 ## - LOCAL SUBJECT ADDED ENTRY--TOPICAL TERM (OCLC, RLIN)
Topical term or geographic name as entry element HOUSING
700 ## - ADDED ENTRY--PERSONAL NAME
Personal name Sanderling, Lora
710 ## - ADDED ENTRY--CORPORATE NAME
Corporate name or jurisdiction name as entry element Centre for Housing Policy
9 (RLIN) 2321
942 ## - ADDED ENTRY ELEMENTS (KOHA)
Suppress in OPAC 0
948 ## - LOCAL PROCESSING INFORMATION (OCLC); SERIES PART DESIGNATOR (RLIN)
c (OCLC) 04/03/1997
Holdings
Withdrawn status Lost status Source of classification or shelving scheme Damaged status Not for loan Home library Current library Shelving location Date acquired Cost, normal purchase price Total Checkouts Full call number Barcode Date last seen Copy number Cost, replacement price Price effective from Koha item type Date last checked out
    Dewey Decimal Classification     London London Books 07/01/1997 11.50   306.9 30051023 06/08/2019 1 11.50 06/08/2019 Book  
    Dewey Decimal Classification     London London Books 07/01/1997 10.00 2 306.9 30051062 03/01/2024 2 10.00 06/08/2019 Book 21/11/2002